IBCO (Record no. 118925)

MARC details
000 -LEADER
fixed length control field 00612cas a22001935a 4500
001 - CONTROL NUMBER
control field L137976
008 - FIXED-LENGTH DATA ELEMENTS--GENERAL INFORMATION
fixed length control field 070510d19741983xxkqr p 0 a0eng u
035 ## - SYSTEM CONTROL NUMBER
System control number (Sirsi) u137976
041 0# - LANGUAGE CODE
Language code of text/sound track or separate title eng
110 2# - MAIN ENTRY--CORPORATE NAME
Corporate name or jurisdiction name as entry element Institution of Building Control Officers
9 (RLIN) 5180
245 00 - TITLE STATEMENT
Title IBCO
Remainder of title The Journal of The Institution of Building Control Officers
260 ## - PUBLICATION, DISTRIBUTION, ETC.
Place of publication, distribution, etc. Sutton
Name of publisher, distributor, etc. IBCO
Date of publication, distribution, etc. 1974-1983
362 0# - DATES OF PUBLICATION AND/OR SEQUENTIAL DESIGNATION
Dates of publication and/or sequential designation (1) January-March 1974-(40) September/October 1983
554 ## -
-- Four per year
651 #4 - SUBJECT ADDED ENTRY--GEOGRAPHIC NAME
Geographic name United Kingdom
Chronological subdivision
690 ## - LOCAL SUBJECT ADDED ENTRY--TOPICAL TERM (OCLC, RLIN)
Topical term or geographic name as entry element BUILT ENVIRONMENT-BUILDING STANDARDS
785 00 - SUCCEEDING ENTRY
Title Building Control
International Standard Serial Number 0265-6493
942 ## - ADDED ENTRY ELEMENTS (KOHA)
Suppress in OPAC 0
Holdings
Withdrawn status Lost status Source of classification or shelving scheme Damaged status Not for loan Home library Current library Shelving location Date acquired Total Checkouts Full call number Barcode Date last seen Price effective from Koha item type
    Dewey Decimal Classification     London London Gallery 10/05/2007   RICS BUILDING CONTROL 137976-1001 06/08/2019 06/08/2019 Journal